000
00315nam a22001457a 4500
003
SGT
082
_a
615.53
_b
V13R
100
_a
REDDY,K. RAMACHANDRA
245
_a
VAIDYAKA PARIBHASA PRADIPA
260
_a
VARANASI
_b
CHAUKHAMBHA
_c
2013
300
_a
135
650
_a
AYURVEDA
653
_a
PRADIPA
942
_2
ddc
_c
BK
999
_c
8348
_d
8348